| 000 | 01016cam a22002895a 4500 | ||
|---|---|---|---|
| 001 | 16897484 | ||
| 005 | 20180326130754.0 | ||
| 008 | 110730s2011 flua frb 001 0 eng d | ||
| 010 | _a 2011026917 | ||
| 020 | _a9781439819043 (hardcover : alk. paper) | ||
| 020 | _a1439819041 (hardcover : alk. paper) | ||
| 035 | _a(OCoLC)ocn744974825 | ||
| 040 |
_aDLC _beng _cDLC _dCDX _dYDXCP _dC#P _dDLC _dEG-ScBUE |
||
| 082 | 0 | 4 |
_a620.112 _bSUR _222 |
| 100 | 1 | _aSuryanarayana, C. | |
| 245 | 1 | 0 |
_aExperimental techniques in materials and mechanics / _cC. Suryanarayana. |
| 260 |
_aBoca Raton : _bCRC Press / Taylor & Francis, _cc.2011. |
||
| 300 |
_axvii, 450 p. : _bill. ; _c25 cm. |
||
| 504 | _aIncludes bibliographical references and index. | ||
| 650 | 7 |
_aMaterials _xMechanical properties _xResearch _xMethodology. _2BUEsh |
|
| 650 | 7 |
_aMaterials _xExperiments. _2BUEsh |
|
| 650 | 7 |
_aMaterials _xTesting _xTechnique. _2BUEsh |
|
| 651 | _2BUEsh | ||
| 653 |
_bBUSECO _cMarch2018 |
||
| 655 |
_vText book _933728 |
||
| 942 | _2ddc | ||
| 999 |
_c26408 _d26380 |
||